000 00263nam a2200097Ia 4500
008 170619s9999 xx 000 0 und d
100 _aMODI- P N
245 0 _aHYDRALAULICS AND FLUID MECHANICS INCLUDING HYDRAULIC MACHINES
260 _bROORKEE; NEM CHAND
260 _c2007
546 _aENGLISH
999 _c18461
_d18461